Návrh modelu vnútropodnikového riadenia a.s. VÚJE, Trnava : Diplomová práca

Enregistré dans:
Détails bibliographiques
Auteur principal: Böhman, Andrej (Auteur)
Autres auteurs: Štefánek, Peter (xxx)
Format: Manuscrit Livre
Langue:slovaque
Publié: Trnava : STU v Bratislave MtF KMK, 1997
Sujets:
Tags: Ajouter un tag
Pas de tags, Soyez le premier à ajouter un tag!

MARC

LEADER 00000ntm a22000003a 4500
001 stu56613
005 20160719155151.7
008 010206s1997----xo------------------slo-d
040 |a STU  |b slo 
041 0 |a slo 
044 |a xo 
100 1 |a Böhman, Andrej  |4 aut 
245 1 |a Návrh modelu vnútropodnikového riadenia a.s. VÚJE, Trnava :  |b Diplomová práca 
260 |a Trnava :  |b STU v Bratislave MtF KMK,  |c 1997 
300 |a 57 s  |c výťah 
650 7 |a Riadenie vnútropodnikové  |2 stusub 
650 7 |a Manažment vnútropodnikový  |2 stusub 
650 7 |a manažment priemyselných podnikov  |2 stusub 
700 1 |a Štefánek, Peter  |4 xxx  |u M190  |U MTF Materiálovotechnologická fakulta  |T MTF Katedra priemyselného inžinierstva a manažmentu  |X 1000601577  |U M190  |Y 167  |7 1000601577 
996 |b 284M023824  |c M*DP-776  |l MMSKP  |s P  |a 0  |w stu56613_0001